Fragments for a history of the human body = Fragmentos para una historia del cuerpo humano /
Guardado en:
| Andre forfattere: | , , |
|---|---|
| Format: | Ukendt |
| Sprog: | Spanish English |
| Udgivet: |
Cambridge, Mass :
MIT Press,
c1989.
|
| Fag: | |
| Tags: |
Tilføj Tag
Ingen Tags, Vær først til at tagge denne postø!
|
MARC
| LEADER | 000000000a22000000004500 | ||
|---|---|---|---|
| 001 | 011248 | ||
| 008 | 171108b xxu||||| |||| 00| 0 spa d | ||
| 020 | |a 0942299248 | ||
| 041 | 0 | |a eng | |
| 082 | 0 | 4 | |a 128 |b F269f |
| 245 | 0 | 0 | |a Fragments for a history of the human body = |b Fragmentos para una historia del cuerpo humano / |c Part Three. |
| 246 | 3 | 1 | |a Fragmentos para una historia del cuerpo humano |
| 260 | 1 | |a Cambridge, Mass : |b MIT Press, |c c1989. | |
| 300 | |a 3 volúmenes : |b ilustraciones (algunas a color) ; |c 25 cm. | ||
| 650 | 4 | |a CUERPO HUMANO | |
| 650 | 4 | |a ASPECTOS RELIGIOSOS | |
| 650 | 4 | |a FILOSOFIA | |
| 700 | 1 | |a Fecher, Michel |e editor. | |
| 700 | 1 | |a Naddaff, Ramona |e editor. | |
| 700 | 1 | |a Tazi, Nadia |e editor. | |
| 942 | |c BK |2 ddc | ||
| 999 | |c 16552 |d 16552 | ||



